| 000 | 01366nam a22003974i 4500 | ||
|---|---|---|---|
| 999 |
_c64216 _d64216 |
||
| 001 | 88511 | ||
| 003 | CO-MdFUSB | ||
| 005 | 20180309083152.0 | ||
| 008 | 951130t1994 sp g b 001 0 spa d | ||
| 010 | _a 95228671 | ||
| 020 | _a8487699901 | ||
| 040 |
_aNN _cCO-MdFUSB _dCO-MdFUSB _dCBGTU _dCtY-D _dDLC _bspa _erda |
||
| 041 | _aspa | ||
| 042 | _alccopycat | ||
| 082 |
_224 _aG 220.6 _bAL454a |
||
| 100 | 1 |
_aAlonso Schökel, Luis, _d1920-1998. |
|
| 245 | 0 | 0 |
_aApuntes de hermenéutica _c/ Luis Alonso Schökel, José María Bravo |
| 264 | 1 |
_aMadrid : _bEditorial Trotta, _c℗[1994] |
|
| 264 | 4 | _c©1994 | |
| 300 |
_a169 páginas ; _c24 cm. _b: |
||
| 336 |
_2rdacontent _atexto _btxt |
||
| 337 |
_2rdamedia _asin mediación _bn |
||
| 338 |
_2rdacarrier _avolumen _bnc |
||
| 490 | 0 | _aColección Estructural y procesos. Serie religión | |
| 501 | _aIncluye índice (p. 159- 169) | ||
| 504 | _aBibliografía (p. 157- 158) | ||
| 505 | _aInspiración, lenguaje, y hermenéutica -- Hermenéutica de texto | ||
| 653 | _aHermenéutica | ||
| 700 | 1 |
_aBravo Gozalo, J. M. _q(José María) |
|
| 906 |
_a7 _bcbc _ccopycat _d3 _encip _f20 _gy-gencatlg |
||
| 942 | _cBK | ||